[Event "IECC Trio 583 email"]
[Site "IECC email"]
[Date "1998.07.25"]
[Round "?"]
[White "Cook, Dave"]
[Black "Bassett, Lee"]
[Result "1-0"]
[WhiteElo "1166"]
[BlackElo "960"]
[PlyCount "55"]
[EventDate "1998.??.??"]
[EventType "tourn (corr)"]
[EventRounds "4"]
[SourceTitle "Corr 2008"]
[Source "ChessBase"]
[SourceDate "2008.06.24"]
[SourceVersion "1"]
[SourceVersionDate "2008.06.24"]
[SourceQuality "1"]

1. e4 d6 2. Nf3 Nc6 3. d4 Bg4 4. Bb5 e6 5. Nc3 Qd7 6. d5 exd5 7. Nxd5 0-0-0 8. 0-0 Be6 9. Qd3 f5 10. Bg5 Re8 11. exf5 Bxf5 12. Bxc6 bxc6 13. Qa6+ Kb8 14. Nd4 Ne7 15. Nxe7 Bxe7 16. Nxc6+ Qxc6 17. Qxc6 Bxg5 18. Qb5+ Kc8 19. Qxf5+ Kb7 20. Qxg5 Rhg8 21. Rae1 h6 22. Qb5+ Kc8 23. Rxe8+ Rxe8 24. Qxe8+ Kb7 25. Qb5+ Kc8 26. Re1 c5 27. Qc6+ Kb8 28. Re8# 1-0